| 000 | 01648nam a2200409 i 4500 | ||
|---|---|---|---|
| 001 | 30841 | ||
| 003 | KOSZ 005 | ||
| 005 | 20210510143749.0 | ||
| 008 | 980713s1996 pl f |000 0 pol | ||
| 015 | _aUWD 1997/8477 | ||
| 020 | _a8386543663 | ||
| 035 | _a991004940369705066 | ||
| 035 | _a(PL-WaBN)b11298881-48omnis_nlop | ||
| 035 | _ab11298881 | ||
| 035 | _a(OCoLC)749561928 | ||
| 035 | _azz2004968315 | ||
| 035 | _a(PL)b0000001129888 | ||
| 035 | _a(EXLNZ-48OMNIS_NETWORK)9910196865205606 | ||
| 040 |
_aWA N _cWA N _dKOSZ 005/EG |
||
| 080 | _a657 | ||
| 100 | 1 |
_aKarwowski, Edward _eAutor |
|
| 245 | 1 | 0 |
_aPrzykładowa dokumentacja przyjętych zasad rachunkowości w organizacjach społecznych, stowarzyszeniach, izbach gospodarczych, fundacjach, związkach zawodowych i partiach politycznych : _bwzór uchwały wprowadzającej, zakładowy plan kont, wykaz ksiąg rachunkowych (zbiorów stanowiących księgi rachunkowe), wzory formularzy o rachunkowości i przepisów wykonawczych / _cEdward Karwowski ; Fundacja Rozwoju Rachunkowości w Polsce. |
| 260 |
_aWarszawa : _bnakł. FRR, _c1996. |
||
| 300 |
_a[2], 300 s. ; _c24 cm. |
||
| 336 |
_aTekst _btxt _2rdacontent |
||
| 337 |
_aBez urządzenia pośredniczącego _bn _2rdamedia |
||
| 338 |
_aWolumin _bnc _2rdacarrier |
||
| 380 | _aKsiążki | ||
| 388 | _a1901-2000 | ||
| 388 | _a1989-2000 | ||
| 650 | 7 |
_aRachunkowość _2DBN |
|
| 655 | 7 |
_aPoradniki _2DBN |
|
| 658 | _aGospodarka, ekonomia, finanse | ||
| 856 |
_uhttp://koha.tu.koszalin.pl/cgi-bin/koha/opac-detail.pl?biblionumber=30841 _yKatalog online BPK |
||
| 942 |
_2UKD _cKS |
||
| 999 |
_c30841 _d30841 |
||